|
|
|
|
| LEADER |
01921nam a2200313 a 4500 |
| 001 |
GR-Patra18991 |
| 008 |
060228s2001 mau g b 001 0 eng d |
| 020 |
|
|
|a 0792373014
|
| 040 |
|
|
|a GrPaTEI
|b gre
|c GR-PaULI
|
| 040 |
|
|
|a GrPaTEI
|b gre
|c GR-PaULI
|
| 082 |
|
0 |
|a 624.1762
|2 21
|
| 245 |
0 |
4 |
|a The seismic design handbook ; Edited by Farzad Naein.
|
| 250 |
|
|
|a 2nd ed.
|
| 260 |
|
|
|a Boston :
|b Kluwer Academic Publishers,
|c c2001
|
| 300 |
|
|
|a xiv, 830σ.
|a 1cd-rom
|
| 500 |
|
|
|a Αρχιμήδης ΙΙ. Ενίσχυση ερευνητικών ομάδων Α.Τ.Ε.Ι. Πάτρας: Μέτρο 2.2, Ενέργεια 2.2.3 Κατ. Πράξεων 2.2.3 στ, Υποέργο: 3: 38907
|
| 500 |
|
|
|a Περιέχει cd-rom
|
| 504 |
|
|
|a Περιλαμβάνει βιβλιογραφίες και ευρετήριο.
|
| 610 |
0 |
4 |
|a Αρχιμήδης ΙΙ.
|b Ενίσχυση Ερευνητικών Ομάδων Α.Τ.Ε.Ι. Πάτρας.
|b Μέτρο 2.2., Ενέργεια 2.2.3., Κατ. πράξεων 2.2.3 στ, Υποέργο: 3
|
| 650 |
|
0 |
|a Buildings
|x Earthquake effects
|v Handbooks, manuals, etc.
|
| 650 |
|
0 |
|a Earthquake resistant design
|v Handbooks, manuals, etc.
|
| 700 |
1 |
|
|a Naeim, Farzad
|
| 710 |
0 |
|
|a Kluwer Academic Publishers
|
| 942 |
|
|
|2 ddc
|
| 952 |
|
|
|0 0
|1 0
|2 ddc
|4 0
|6 624_176200000000000_SEI
|7 0
|9 299283
|a LISK
|b LISK
|c BSC
|d 2021-01-17
|e 24
|f 0
|g 0.00
|l 0
|o 624.1762 SEI
|p 92410038907
|r 2021-01-17 00:00:00
|t 1
|w 2021-01-17
|y BK15
|x 20080414 0 1
|x GrPaTEI
|
| 952 |
|
|
|0 0
|1 0
|2 ddc
|4 0
|6 624_176200000000000_SEI
|7 1
|9 299284
|a LISK
|b LISK
|c BSC
|d 2021-01-17
|e 24
|f 0
|g 0.00
|l 0
|o 624.1762 SEI
|p 92410027622
|r 2021-01-17 00:00:00
|t 1
|w 2021-01-17
|y BKN
|x 20060228 0 0
|x GrPaTEI
|
| 952 |
|
|
|0 0
|1 0
|2 ddc
|4 0
|6 624_176200000000000_SEI
|7 1
|9 299285
|a LISK
|b LISK
|c BSC
|d 2021-01-17
|e 24
|f 0
|g 0.00
|l 0
|o 624.1762 SEI
|p 92410045162
|r 2021-01-17 00:00:00
|t 1
|w 2021-01-17
|y BKN
|x 20090112 0 0
|x GrPaTEI
|
| 971 |
|
|
|a .b26665062
|b 08-10-20
|c 23-09-16
|
| 999 |
|
|
|c 174011
|d 174011
|